Códigos e Frequências #FAK - Statistics

General Stats
  • This quiz has been taken 44 times
  • The average score is 5 of 14
Answer Stats
Hint Answer % Correct
Ambulância Belatrix
100%
Viatura Contra Incêndio Faísca
67%
ILS 109,30
33%
VOR/DME 115,80
33%
Torre W - Capela 118,30
33%
Solo E - Vésper 121,70
33%
Solo W - Canopus 121,90
33%
Torre E - Solar 126,30
33%
Fênix 133,00
33%
Área E - Argos 134,60
33%
Helicóptero Pegasus
33%
Controle APP 120,10
0%
Área W - Poláris 123,60
0%
Tucano 124,30
0%
No matching quizzes found
Score Distribution
Percent of People with Each Score
Percentile by Number Answered
Your Score History
You have not taken this quiz